Valuation of buy-to-let properties and HMO properties (Record no. 121336)
[ view plain ]
| 000 -LEADER | |
|---|---|
| fixed length control field | 01374cam a22002895a 4500 |
| 001 - CONTROL NUMBER | |
| control field | L159395 |
| 008 - FIXED-LENGTH DATA ELEMENTS--GENERAL INFORMATION | |
| fixed length control field | 230125s2022 xxk fo 000 0 eng d |
| 020 ## - INTERNATIONAL STANDARD BOOK NUMBER | |
| International Standard Book Number | 9781783214808 |
| 041 0# - LANGUAGE CODE | |
| Language code of text/sound track or separate title | eng |
| 110 2# - MAIN ENTRY--CORPORATE NAME | |
| Corporate name or jurisdiction name as entry element | Royal Institution of Chartered Surveyors |
| 9 (RLIN) | 4900 |
| 245 00 - TITLE STATEMENT | |
| Title | Valuation of buy-to-let properties and HMO properties |
| Medium | [electronic resource] |
| 250 ## - EDITION STATEMENT | |
| Edition statement | 2nd ed |
| 260 ## - PUBLICATION, DISTRIBUTION, ETC. | |
| Place of publication, distribution, etc. | London, |
| Name of publisher, distributor, etc. | Royal Institution of Chartered Surveyors, |
| Date of publication, distribution, etc. | 2022 |
| 300 ## - PHYSICAL DESCRIPTION | |
| Extent | 52p |
| 490 ## - SERIES STATEMENT | |
| Series statement | RICS Professional Standard |
| 520 ## - SUMMARY, ETC. | |
| Summary, etc. | Sets out guidance for valuers undertaking the valuation of the residential investment properties for buy-to-let purposes ranging from single units to houses in multiple occupation (HMOs) and multi-unit blocks. The guidance is applicable to valuers who are instructed by lenders and private clients. |
| 520 ## - SUMMARY, ETC. | |
| Summary, etc. | Effective from 1 December 2022 |
| 520 ## - SUMMARY, ETC. | |
| Summary, etc. | Supersedes 1st edition 2016 (ISBN 9781783211739) |
| 590 ## - LOCAL NOTE (RLIN) | |
| Local note | KA |
| 650 24 - SUBJECT ADDED ENTRY--TOPICAL TERM | |
| Topical term or geographic name entry element | BUY-TO-LET |
| 650 24 - SUBJECT ADDED ENTRY--TOPICAL TERM | |
| Topical term or geographic name entry element | HOUSES IN MULTIPLE OCCUPATION |
| 651 #4 - SUBJECT ADDED ENTRY--GEOGRAPHIC NAME | |
| Geographic name | United Kingdom |
| 690 ## - LOCAL SUBJECT ADDED ENTRY--TOPICAL TERM (OCLC, RLIN) | |
| Topical term or geographic name as entry element | Valuation |
| 9 (RLIN) | 6273 |
| 690 ## - LOCAL SUBJECT ADDED ENTRY--TOPICAL TERM (OCLC, RLIN) | |
| Topical term or geographic name as entry element | Residential property |
| 9 (RLIN) | 6266 |
| 856 40 - ELECTRONIC LOCATION AND ACCESS | |
| Uniform Resource Identifier | <a href="https://www.rics.org/profession-standards/rics-standards-and-guidance/sector-standards/valuation-standards/valuation-of-buy-to-let-and-hmo-properties--2nd-edition">https://www.rics.org/profession-standards/rics-standards-and-guidance/sector-standards/valuation-standards/valuation-of-buy-to-let-and-hmo-properties--2nd-edition</a> |
| Public note | View the item free of charge from www.rics.org. |
| 942 ## - ADDED ENTRY ELEMENTS (KOHA) | |
| Suppress in OPAC | 0 |
| Source of classification or shelving scheme | Dewey Decimal Classification |
| Withdrawn status | Lost status | Source of classification or shelving scheme | Damaged status | Not for loan | Home library | Current library | Date acquired | Total Checkouts | Date last seen | Price effective from | Koha item type |
|---|---|---|---|---|---|---|---|---|---|---|---|
| Dewey Decimal Classification | Virtual | Virtual | 25/01/2023 | 25/01/2023 | 25/01/2023 | Online material |